Violencia política
Tallennettuna:
| Aineistotyyppi: | Teksti |
|---|---|
| Tagit: |
Lisää tagi
Ei tageja, Lisää ensimmäinen tagi!
|
MARC
| LEADER | 00000 a a2200000 04500 | ||
|---|---|---|---|
| 001 | 42583 | ||
| 003 | |||
| 040 | |||
| 245 | |a Violencia política | ||
| 773 | |g volumen24, número1096 ( , 2004), páginas 4-5 | ||
| 999 | |c 36830 |d 36830 | ||
